Statistiques concernant Paroles - Nekfeu - Princesse

Cliquez ici pour prendre le quiz!

Statistiques générales

  • Ce quiz a été pris 2 618 fois
  • Le résultat moyen est 273 sur 462

Statistiques - réponses

Paroles% Correct
à
97%
a
97%
de
97%
Te
97%
te
97%
ma
95%
t'es
95%
T'es
95%
Tes
95%
tes
95%
tu
95%
Tu
95%
mais
92%
pas
92%
un
92%
Un
92%
fille
91%
le
91%
me
90%
petite
90%
Petite
90%
une
90%
Une
90%
89%
du
89%
peu
89%
Ton
89%
ton
89%
des
88%
ne
88%
vie
88%
la
87%
princes
87%
modèle
86%
aime
85%
au
85%
d'être
85%
loin
85%
mannequin
85%
passe
85%
Passe
85%
se
84%
temps
84%
et
83%
Et
83%
Les
83%
les
83%
princesse
82%
Princesse
82%
d'un
81%
Je
80%
je
80%
mon
80%
par
80%
aimes
79%
en
79%
soirée,
79%
Comme
78%
comme
78%
fraîcheur,
78%
peut-être
78%
y
78%
car
77%
Car
77%
Même
77%
même
77%
monde
76%
passes
76%
balcon
75%
d'une
75%
shooter
75%
toi,
74%
toi
74%
défiler
72%
parle
72%
plus,
72%
plus
72%
adversaires
71%
compare
71%
j'ai
71%
jouis
71%
filles
70%
collants
69%
moderne
69%
on
68%
On
68%
populaire
68%
l'école,
67%
shootings
67%
dans
66%
effilés
66%
j'aime
66%
jour
63%
mec
63%
soirées
63%
Ta
63%
dimension
62%
J'suis
62%
sa
62%
décolleté
61%
part
61%
laides
59%
vient
59%
compliments
58%
qui
58%
autour
56%
barque
56%
comptes
56%
mener
56%
récoltés
55%
âge
54%
m'parles
52%
ces
51%
J'essaye
51%
mal,
51%
mal
51%
que
51%
voir
50%
fais
49%
amour,
47%
pense
47%
tournent
46%
père
45%
d'immenses
44%
robes
44%
dormir
43%
vois
43%
ailes ?
42%
ailes
42%
défis
42%
tenue
42%
voyous
42%
légère
41%
t'as
41%
T'as
41%
chez
40%
fait
40%
viennent
40%
galas
38%
invitation
38%
l'aise
38%
Manoush
38%
rêver
38%
talons,
38%
habitation
37%
richesse
37%
sens
37%
âgées,
36%
évènements
36%
penses
36%
reçu
36%
Tout
36%
avant
35%
j'me
35%
joues
35%
ses
35%
yachts
35%
côtoies
34%
dévisager
34%
puis
34%
venu,
34%
ange
33%
critiquer
33%
défilent
33%
reine
33%
sont
33%
putes
32%
copines
31%
Méfie-toi
31%
sur
31%
Tellement
31%
durée
30%
semble
30%
vautours,
30%
C'est
29%
c'est
29%
combien
29%
devenir
29%
devrait
29%
rien
29%
sans
29%
Pour
28%
pour
28%
courbes
27%
marrant
27%
premier
27%
quoi
27%
voix,
27%
être
26%
Isabelle,
26%
laissent
26%
s'achète
26%
visage
26%
autre
25%
certaines
25%
enfant
25%
quand
25%
antipathique
24%
bois
24%
boutique
24%
disent
24%
exemple
24%
ouvert
24%
peine
24%
brûlées
23%
louches
23%
môme
23%
qu'une
23%
rhum,
23%
schémas
23%
déguise
22%
géniteur
22%
vas
22%
angélique
21%
avortement
21%
chaque
21%
Chaque
21%
dis-moi
21%
enjoliveurs
21%
est
21%
expos
21%
homme
21%
liqueurs
21%
maman
21%
rôles,
21%
Roms
21%
t'obéis
21%
yeux
21%
change
20%
fois
20%
mots
20%
si
20%
Terre
20%
encore
19%
mélanges
19%
Redescends
19%
abusé
18%
beaux
18%
cause
18%
ex-pauvre
18%
hier,
18%
manquent
18%
poignets
18%
t'emmener
18%
châteaux
17%
moment
17%
t'y
17%
étrange,
16%
flottement
16%
peuvent
16%
aucun
15%
bousilles
15%
coeur
15%
effort
15%
s'égosille
15%
sexe,
15%
témoigner,
15%
besoin
14%
croyais
14%
déployées,
14%
fort
14%
marques
14%
qu'autrefois
14%
s'explose
14%
t'pardonne
14%
construis
13%
mente
13%
qu'tu
13%
aux
12%
qu'on
12%
regarder
12%
s'exporte,
12%
arrêtais
11%
caractère
11%
charmant
11%
charmé
11%
coffre-fort
11%
d'sable
11%
ouverte
11%
braquer
10%
qu'le
10%
Rappelle-toi
10%
t'aimais
10%
veux
10%
cacher
9%
contentera
9%
d'décapotable
9%
derrière
8%
échappent
8%
masque
8%
t'fasse
8%
vagues,
8%
Antik
7%
Batik
7%
passer
7%
t'armer
6%
craquer
3%

Distribution des résultats

Percentile par nombre de réponses

% des personnes avec chaque résultat

Votre développement - résultats

Vous n’avez pas pris ce quiz